00530cam a22002291 4500001001300000003000400013005001700017008004100034010001700075035002000092040001800112042001200130050001400142100002100156245002700177260001100204300001900215500001500234650002600249650000800275999001700283sa 65006988 DLC20260227112146.0881025s1964 xx 000 0 beno  asa 65006988  a(OCoLC)23568099 aDLCcMiUdDLC apremarc00aHQ10b.A71 aAshraf, Shaheed.10aOgo bara, ogo badhū. c[1964] a224 p.c22 cm. aRomanized. 0aFamily life education 0aSex c64977d64977